| 000 | 00758cam a22002531 4500 | ||
|---|---|---|---|
| 999 |
_c7050 _d7050 |
||
| 001 | 7050 | ||
| 003 | BD-JhCC | ||
| 005 | 20180416101217.0 | ||
| 008 | 711221s1960 xx 000 0 eng | ||
| 035 | _a(BD-JhCC)7050 | ||
| 035 | _a(OCoLC)185779 | ||
| 040 |
_aDLC _cODaWU _dDLC _d(BD-JhCC) |
||
| 041 | _aeng | ||
| 050 | 0 | 0 |
_aLB2805 _b.C244 |
| 082 |
_bCAM 1960 _a371.2082 |
||
| 100 | 1 |
_aCampbell, Roald F. _q(Roald Fay), _d1905-1988, |
|
| 245 | 1 | 0 |
_aAdministrative theory as a guide to action / _c Roald F. Campbell, |
| 260 |
_bMidwest Administration Center, University of Chicago _c[1960] |
||
| 300 | _a203 p. | ||
| 650 | 0 |
_aSchool management and organization _vCongresses. |
|
| 700 | 1 | _aLipham, James M., | |
| 942 |
_2ddc _cBK |
||